Applied geostatistics

Αποθηκεύτηκε σε:
Λεπτομέρειες βιβλιογραφικής εγγραφής
Κύριος συγγραφέας: Isaaks, Edward H.
Άλλοι συγγραφείς: Srivastava, R. Mohan
Μορφή: Βιβλίο
Γλώσσα:English
Δημοσίευση: New York : Oxford University Press, 1989
Θέματα:
Ετικέτες: Προσθήκη ετικέτας
Δεν υπάρχουν, Καταχωρήστε ετικέτα πρώτοι!

MARC

LEADER 00000nam a2200000 i 4500
001 1/17744
008 981006s1989 eng d
020 |a 0-19-505013-4 
035 |l 10020668 
040 |a GR-MY-UA  |b gre  |e aacr 
041 0 |a eng 
082 0 |a 551.72 
100 1 |a Isaaks, Edward H. 
245 1 0 |a Applied geostatistics /  |c Edward H. Isaaks; R. Mohan Srivastava 
260 |a New York :   |b Oxford University Press,   |c 1989 
300 |a 561 p.  |b tabl.; fig. 
504 |a Includes bibliographical references and index 
650 0 0 |a Geology  |x Statistical methods. 
700 1 |a Srivastava, R. Mohan. 
852 |a INST  |b LESVOS  |e 19981006  |h 551.72 ISA  |p 005100012875  |q 005100012875  |t BK  |y 0 
901 |a BIBL-1998-3 
909 |a Λ  |b 059110 
922 |a 1ΕΛΗ  |b 199809  |c ΚΠΣ/ΤΕΘ  |d ΠΑΠΑΣΩΤΗΡΙΟΥ 
950 |a 134-1998-07-29